| 000 | 00000nas 2200000zi 4500 |
| 001 | 9.895387 |
| 003 | CaOODSP |
| 005 | 20251022141132 |
| 006 | m o d f |
| 007 | cr cn |||||||| |
| 008 | 210115c20189999oncar p o f0###a0eng|d |
| 022 | |a2818-3754 |
| 040 | |aCaOODSP|beng|erda|cCaOODSP |
| 043 | |an-cn--- |
| 086 | 1 |aPG1-8E-PDF |
| 110 | 1 |aCanada. |bOffice of the Public Sector Integrity Commissioner, |eauthor, |eissuing body. |
| 222 | 0|aAnnual report on the Access to Information Act |b(Canada. Office of the Public Sector Integrity Commissioner) |
| 245 | 10|aAnnual report on the Access to Information Act. |
| 264 | 1|a[Ottawa] : |bOffice of the Public Sector Integrity Commissioner of Canada = Commissariat à l'intégrité du secteur public du Canada, |c[2018]- |
| 310 | |aAnnual |
| 336 | |atext|btxt|2rdacontent |
| 337 | |acomputer|bc|2rdamedia |
| 338 | |aonline resource|bcr|2rdacarrier |
| 362 | 1 |aBegan with: 2017/2018. |
| 500 | |aIssued also in French under title: Rapport sur la Loi sur l'accès à l'information. |
| 515 | |aReport covers fiscal year. |
| 515 | |aIssues for 2017/2018 and 2018/2019 not available in PDF format. |
| 588 | |aDescription based on: 2019/2020. |
| 588 | |aLatest issue consulted: 2022/2023. |
| 610 | 10|aCanada. |bOffice of the Public Sector Integrity Commissioner |vPeriodicals. |
| 610 | 10|aCanada. |tAccess to Information Act|vPeriodicals. |
| 650 | 0|aGovernment information|zCanada|vPeriodicals. |
| 650 | 0|aFreedom of information|zCanada|vPeriodicals. |
| 650 | 0|aPublic records|xAccess control|zCanada|vPeriodicals. |
| 655 | 7|aPeriodicals|2lcgft |
| 775 | 08|tRapport annuel sur la Loi sur l'accès à l'information.|w(CaOODSP)9.895419 |